|
|
|
|
| LEADER |
01362cas a2200181 a 4500 |
| 001 |
AALConferenceProceedingsASME000768 |
| 008 |
230101c9999 xx r poo 0 0eng d |
| 020 |
|
|
|a 978-0-7918-4495-3
|
| 040 |
|
|
|a BD-DhAAL
|c BD-DhAAL
|
| 245 |
0 |
0 |
|h [electronic resource]
|a 2012 20th International Conference on Nuclear Engineering and the ASME 2012 Power Conference - Volume 1: Plant Operations, Maintenance, Engineering, Modifications, Life Cycle, and Balance of Plant; Component Reliability and Materials Issues; Steam Generator Technology Applications and Innovations; Advanced Reactors and Near-Term Deployment; Reactor Physics, Neutronics, and Transport Theory; Nuclear Education, Human Resources, and Public Acceptance
|
| 260 |
|
|
|b ASME
|
| 300 |
|
|
|a 1 online resource
|
| 500 |
|
|
|a <strong>Off-Campus Access:</strong> Athens ID and Password Required
|
| 500 |
|
|
|a <strong>On-Campus Access:</strong> No User ID or Password Required
|
| 506 |
|
|
|a Electronic access restricted to authorized BRAC University faculty, staff and students
|
| 538 |
|
|
|a Mode of access: Internet
|
| 856 |
4 |
0 |
|z Full text available on ASME[2012-2012]
|u https://asmedigitalcollection.asme.org/ICONE/ICONE20-POWER2012/volume/44953
|
| 856 |
4 |
0 |
|z Off-campus access
|u https://go.openathens.net/redirector/bracu.ac.bd?url=https%3A%2F%2Fasmedigitalcollection.asme.org%2FICONE%2FICONE20-POWER2012%2Fvolume%2F44953
|